000 00878nam a22002897a 4500
003 CHAP
005 20220329133738.0
008 971013s1969 r 00010 d
010 _a10250
011 _a11222
035 _a10460
040 _cCHAP
090 _aFolleto 2306
100 0 0 _aBadell Lapetra, Ignacio G.
_99349
245 _aTractores de ruedas existentes en el mercado
260 _aMadrid :
_bDirección Genral de Agricultura,
_c1969
300 _as.p.
_b: ilus
590 _aBATCH-UPD
_b10
_c20130110
_lUCH01
_h1846
590 _aBATCH-UPD
_b10
_c20130410
_lUCH01
_h1216
590 _aBATCH-UPD
_b10
_c20130914
_lUCH01
_h2009
590 _aCONVERSION
_b10
_c20130109
_lUCH01
_h1307
650 1 4 _aTractores.
_9114574
700 0 _aFuente Santero, Félix de la.
_943814
901 _aBK
942 _cFOLL
949 _aFolleto 2306
_bBC
_cFOLL
_d-22070
_eTS1
_i10460
_si
999 _c10250
_d10250